Open Data Biblioteca Nacional de Portugal


República Portuguesa: Ministério da Cultura
Biblioteca Nacional de Portugal

Catálogo da BNP: acesso por Identificadores Unívocos
Registos Bibliográficos associados ao registo de autoridade

Etiqueta de registo: 00254nam 2200025 450
001 2283261
003 http://id.bnportugal.gov.pt/bib/catbnp/2283261
010 ## $a978-989-40-3056-0
021 ## $aPT$b559387/26
100 ## $a20260330d2026 k y0pory01030103ba
101 0# $apor
102 ## $aPT
105 ## $ay v 000yy
106 ## $ar
200 1# $aContributos para a criação do estatuto jurídico do Árbitro de futebol em Portugal$fPatrícia Sousa Borges$gpref. Alexandre Miguel Mestre$gposf. Luciano Gonçalves
210 #9 $aCoimbra$cAlmedina,$d2026
215 ## $a315 p.$d24 cm
700 #1 $aBorges,$bPatrícia Sousa$31810334
702 #1 $aMestre,$bAlexandre Miguel,$f1974-$4080$31090197
702 #1 $92$aGonçalves,$bLuciano$4075$31994287
801 #0 $aPT$bBN$gRPC
971 ## $cssilva$d20260330

OpendataBNP@bnportugal.pt | Mais informação sobre acesso aos dados BNP